000 00706nam a2200289Ia 4500
005 20260324133131.0
008 008 260324s9999 xx 000 0 eng d
020 _a9780203220337
037 _aEBOOK
040 _aCRL
040 _beng
040 _cCRL
041 _2eng
041 _aeng
084 _qCRL
100 _aNaveed S. Sheikh; Tahir Amin
_91191928
245 4 _aThe New Politics of Islam
245 0 _bPan-Islamic Foreign Policy in a World of States
260 _bTaylor and Francis
260 _c2003
365 _a
365 _b230
856 _uhttp://www.taylorfrancis.com/books/9780203220337
942 _cEBOOK
999 _c1790700
_d1790700